| 000 | 00895cam a2200265 i 4500 | ||
|---|---|---|---|
| 999 |
_c57435 _d57435 |
||
| 001 | 18852227 | ||
| 005 | 20221105220532.0 | ||
| 008 | 151110t20162016maua 001 0 eng | ||
| 020 | _a9780321934925 1 | ||
| 020 | _a032193492X 1 | ||
| 020 | _a9780134145792 1 | ||
| 020 | _a0134145798 1 | ||
| 020 | _a9781292177694 1 | ||
| 041 | _aeng | ||
| 080 | _a576.3 H-11 | ||
| 100 | 1 |
_aHardin, Jeff, _eauthor. _98626 |
|
| 245 | 1 | 0 |
_aBecker's World of the cell / _cJeff Hardin, University of Wisconsin-Madison, Gregory Bertoni, The Plant Cell. |
| 250 | _aNineth Edition. | ||
| 264 | 4 |
_c Boston : _aPearson, _b2018. |
|
| 300 |
_a1 volume (various pagings) : _billustrations (some color) : _c28 cm. |
||
| 653 | _aმოლეკულური ბიოლოგია | ||
| 653 | _aმედიცინა | ||
| 700 | 1 |
_aBertoni, Gregory, _eავტორი _98628 |
|
| 942 |
_2udc _cBK |
||